Stand by Me Lyrics - Statistics

General Stats
  • This quiz has been taken 379 times
  • The average score is 135 of 155
Answer Stats
Answer % Correct
Oh
99%
By
98%
Me
98%
Stand
98%
A
97%
I
97%
The
95%
When
95%
You
95%
And
93%
Night
93%
Darlin'
92%
Is
91%
Won't
91%
Woah
90%
As
89%
Long
88%
No
88%
See
87%
We
87%
Be
86%
Moon
86%
Only
86%
Just
85%
Has
84%
Light
84%
Afraid
83%
Come
83%
Oh
81%
Land
80%
Dark
77%
We'll
74%
So
72%
Tear
69%
Shed
66%
Cry
64%
Look
64%
Fall
63%
That
63%
To
62%
Upon
62%
Sky
61%
Should
58%
Crumble
56%
If
56%
Sea
53%
Mountains
50%
Tumble
48%
In
46%
Now
38%
You're
38%
Or
34%
Trouble
32%
Whenever
31%
No matching quizzes found
Score Distribution
Percent of People with Each Score
Percentile by Number Answered
Your Score History
You have not taken this quiz